01065 2200361 4500001002100000005001500021035002000036007000300056040001700059100003100076245013200107250001000239300004400249041000800293082001100301090002100312264003800333336002100371337003000392338002300422650002300445850001000468008004100478084001700519020001800536504002500554990002300579990001900602990001900621990001900640990002200659990002200681INLIS00000000000606620260419065456 a0010-0322000310ta aSBPUPADbInd0 aIbrahim BafadalePengarang1 aPeningkatan Profesionalisme Guru Sekolah Dasar :bDalam kerangka manajemen peningkatan mutu berbasis sekolah /cIbrahim Bafadal aCet.4 avii, 112 hal. :bIllus. ;c24 x 16,5 cm aInd a370.71 a370.1 SAT b 14-2 aJakarta :bPT. Bumi Aksara,c2008 2rdacontentaTeks 2rdamediaaTanpa Perantara 2rdacarrieravolume 4aGuru Sekolah Dasar aPUPAD260419 0  a370.71 IBR p a979-526-863-5 aBibliografi, hlm 112 a12.315/H/KAPD/2010 a70336/ARPUS/08 a70337/ARPUS/08 a70338/ARPUS/08 a12316/H/KAPD/2010 a12317/H/KAPD/2010